000 00952nam a2200265 a 4500
001 411060
005 19820727000000.0
008 820727s1981 enka b 001 0 eng
010 _a 80041678
015 _aGB***
020 _a0419114602
020 _a041911470X (pbk.)
040 _aDLC
_cDLC
_dDLC
050 0 0 _aTA409
_b.P367
082 0 0 _a620.1126
_222
_bPAR
100 1 _aParker, A. P.
_96495
245 1 4 _aThe mechanics of fracture and fatigue :
_ban introduction /
_cA.P. Parker.
260 _aLondon ;
_aNew York :
_bE. & F.N. Spon,
_c1981.
300 _ax, 167 p. :
_bill. ;
_c24 cm.
504 _aIncludes bibliographies and index.
650 0 _aFracture mechanics.
_96496
650 0 _aMaterials
_xFatigue.
_96497
942 _2ddc
_cBB
999 _c11908
_d11908